| 000 | 00938nam a2200301Ia 4500 | ||
|---|---|---|---|
| 001 | Z_394 | ||
| 003 | CHAP | ||
| 008 | 220113s1989 xx 000 0 und d | ||
| 010 | _a163370 | ||
| 040 | _cCHAP | ||
| 090 | _aTesis E 510 | ||
| 100 |
_aEstrada Escobar, Pedro _938377 |
||
| 245 |
_aUso de la escamocha molida en la engorda de pollo / _cpor Pedro Estrada Escobar y José Antonio Ramírez Rida |
||
| 260 |
_aChapingo, Méx. : _bEl autor, _c1989 |
||
| 300 | _a29 h. | ||
| 502 | _aTesis (Ing. Agrónomo Esp. en Zootecnia) -- UACH. Departamento de Zootecnia | ||
| 650 |
_aAlimentos _xSubproductos _94283 |
||
| 650 |
_aAves de corral _xAlimentación _98638 |
||
| 650 |
_aAves de corral _xEngorda _98647 |
||
| 650 |
_aEscamocha molida en la engorda de pollo _9137612 |
||
| 700 |
_aRamírez Rida, José Antonio _994216 |
||
| 901 | _aTESIS E 510 | ||
| 902 | _aM | ||
| 910 | _a1989 | ||
| 942 | _c2 | ||
| 942 | _c2 | ||
| 999 |
_c163370 _d163370 |
||